000 00320cam a22001217a 4500
008 180718b1957 xxu||||| |||| 00| 0 eng d
082 _aA8x47 Y35
100 _aYezhov,A.
245 _aSoviet statistics
_cby A.Yezhov
260 _aMoscow
_bForeign languages
_c1957
300 _a132p.
650 _aSoviet Union -Statistics.
999 _c413967
_d413967